000 00559nam a2200193Ia 4500
005 20260415160334.0
008 008 250505s9999 xx 000 0 eng d
037 _aTextual
040 _aFEDL
_beng
_cFEDL
041 _aeng
_2eng
084 _a370.1 PHI
_qFEDL
100 _aPhillipson Herbert
_9755752
245 0 _aEducation : A search for new principles
260 _aEdinburgh
_bUniversity Press
_c1942
300 _av,93p.
650 _aEducation - Philosophy
942 _cTEXL
_h370.1 PHI
999 _c1321835
_d1321835